000 00585nam a2200205Ia 4500
003 GCL
008 140319s9999 xx 000 0 ara d
040 _aGCL /
_cGCL
082 0 4 _a808.83
_bس ش
100 1 _aنوال السعداوى
245 1 0 _aشجرة تنمو فى بروكلين الجزء الثانى /
_cنوال السعداوى
700 1 _aحلمى مراد
700 1 _aسميث، بيتى
300 _a740 ص
490 _a
650 0 4 _aالادب
650 0 4 _aالقصص الاجتماعية
650 0 4 _aالادب الامريكى
942 _2ddc
_cBK
999 _c39641
_d39641